<?xml version="1.0" encoding="UTF-8"?>
<collection xmlns="http://www.loc.gov/MARC21/slim">
 <record>
  <leader>08178nam a2200457 a 4500</leader>
  <controlfield tag="001">kal3336</controlfield>
  <controlfield tag="003">Gr-AtHEAL</controlfield>
  <controlfield tag="005">20160421142739.0</controlfield>
  <controlfield tag="006">m        d        </controlfield>
  <controlfield tag="008">160413s2015    gr      s           gre|c</controlfield>
  <datafield tag="020" ind1=" " ind2=" ">
   <subfield code="a">9789606032615</subfield>
  </datafield>
  <datafield tag="040" ind1=" " ind2=" ">
   <subfield code="a">GR-AtHEAL</subfield>
   <subfield code="b">gre</subfield>
   <subfield code="c">GR-AtHEAL</subfield>
  </datafield>
  <datafield tag="082" ind1="0" ind2="4">
   <subfield code="a">635.046</subfield>
   <subfield code="2">23</subfield>
  </datafield>
  <datafield tag="100" ind1="1" ind2=" ">
   <subfield code="a">Πάσσαμ, Χάρολντ-Κρίστοφερ.</subfield>
   <subfield code="8">498</subfield>
  </datafield>
  <datafield tag="245" ind1="1" ind2="0">
   <subfield code="a">Μετασυλλεκτική μεταχείριση καρπών και λαχανικών</subfield>
   <subfield code="h">[Ηλεκτρονικός πόρος] </subfield>
   <subfield code="c">Πάσσαμ, Χάρολντ-Κρίστοφερ ; Χριστόπουλος, Μιλτιάδης ; Τσαντίλη, Ελένη ; Καυκαλέτου, Μίνα ; Καραπάνος, Ιωάννης ;  Αλεξόπουλος, Αλέξιος ; Κριτικός αναγνώστης,Πετρόπουλος, Σπυρίδων.</subfield>
  </datafield>
  <datafield tag="260" ind1=" " ind2=" ">
   <subfield code="a">Αθήνα :</subfield>
   <subfield code="b">Σύνδεσμος Ελληνικών Ακαδημαϊκών Βιβλιοθηκών,</subfield>
   <subfield code="c">c2015.</subfield>
  </datafield>
  <datafield tag="490" ind1=" " ind2=" ">
   <subfield code="a">Ακαδημαϊκά Ηλεκτρονικά Συγγράμματα και Βοηθήματα Κάλλιπος</subfield>
   <subfield code="8">40</subfield>
  </datafield>
  <datafield tag="505" ind1=" " ind2=" ">
   <subfield code="a">1. Εισαγωγή στη μετασυλλεκτική φυσιολογία και τεχνολογία: Η σημασία των οπωροκηπευτικών για τον άνθρωπο, η παραγωγή, η κατανάλωση και οι απώλειες μετασυλλεκτικά 2. Η ποιότητα των οπωροκηπευτικών 3. Αλλαγές στη φυσιολογία των οπωροκηπευτικών μετά τη συγκομιδή 4. Αρχές προ- και μετα- συλλεκτικών χειρισμών που επηρεάζουν τη μετασυλλεκτική ζωή των οπωροκηπευτικών 5. Μετασυλλεκτική φυσιολογία και μετασυλλεκτικοί χειρισμοί καρπών δενδροκομικών ειδών 6. Μετασυλλεκτική φυσιολογία και χειρισμοί των καρπών κηπευτικών ειδών 7. Μετασυλλεκτική φυσιολογία και χειρισμοί ακέραιων φυτών, φυλλωδών λαχανικών και σαλατικών 8. Αποθήκευση των υπόγειων οργάνων 9. Τραυματισμοί από χαμηλές θερμοκρασίες (κρυοτραυματισμοί), πάγωμα, φυσιολογικές διαταραχές και παθολογικές ασθένειες 10. Εφαρμογή της μετασυλλεκτικής τεχνολογίας 11. Τα ελάχιστα μεταποιημένα οπωροκηπευτικά</subfield>
  </datafield>
  <datafield tag="520" ind1=" " ind2=" ">
   <subfield code="a">Το σύγγραμμα αφορά στη σύγχρονη μετασυλλεκτική φυσιολογία και τεχνολογία καρπών και λαχανικών και αποτελείται από δυο κύρια μέρη: (1) Τη μετασυλλεκτική φυσιολογία και τους χειρισμούς των οπωροκηπευτικών και (2) Την εφαρμοζόμενη μετασυλλεκτική τεχνολογία.Στο εισαγωγικό κεφάλαιο γίνεται αναφορά στην παραγωγή και τη σημασία των οπωροκηπευτικών παγκόσμια και στη χώρα μας, καθώς και στις μετασυλλεκτικές απώλειες. Στο πρώτο μέρος παρουσιάζονται η κατάταξη των καρπών και λαχανικών, η έννοια της ποιότητας, τα κυριότερα ποιοτικά χαρακτηριστικά των οπωροκηπευτικών και οι προ- και μετασυλλεκτικοί παράγοντες που την επηρεάζουν. Περιγράφονται οι κυριότερες φυσιολογικές παράμετροι (π.χ. αναπνοή, απώλεια νερού, αιθυλένιο, ωρίμανση και γήρανση, μεταβολικές αλλαγές μετά τη συγκομιδή κ.ά.) που επηρεάζουν τη μετασυλλεκτική ζωή και συμπεριφορά των οπωροκηπευτικών, καθώς επίσης και οι ενδεικνυόμενοι μετασυλλεκτικοί χειρισμοί σε καρπούς δενδροκομικών και κηπευτικών ειδών, φυλλώδη λαχανικά, βλαστούς, άωρες ταξιανθίες, και υπόγεια όργανα, με λεπτομερή παραδείγματα σε αντιπροσωπευτικά είδη από κάθε κατηγορία. Επίσης, περιγράφονται οι κυριότερες μετασυλλεκτικές φυσιολογικές διαταραχές, καθώς και ο κρυοτραυματισμός και η ψύξη, ενώ γίνεται αναφορά στις κυριότερες μετασυλλεκτικές ασθένειες των οπωροκηπευτικών. Ως προς την εφαρμογή της μετασυλλεκτικής τεχνολογίας, δίνονται αρχικά οι αρχές των χειρισμών που εφαρμόζονται για τη διατήρηση της ποιότητας και την επιμήκυνση της μετασυλλεκτικής ζωής των νωπών οπωροκηπευτικών, και ακολούθως γίνεται αναλυτική περιγραφή της τεχνολογίας που χρησιμοποιείται (π.χ. πρόψυξη, αποπρασινισμός, τεχνητή ωρίμανση, αποξήρανση, κάλυψη των προϊόντων με εδώδιμες ή πλαστικές μεμβράνες ή με κερί, διαλογή, καθαρισμός, συσκευασία, μέθοδοι συντήρησης και αποθήκευσης, εφαρμογή τροποποιημένων ή ελεγχόμενων ατμοσφαιρών κ.ά.). Τέλος, γίνεται ιδιαίτερη αναφορά στα ελάχιστα μεταποιημένα οπωροκηπευτικά.</subfield>
  </datafield>
  <datafield tag="650" ind1=" " ind2="0">
   <subfield code="a">Vegetables </subfield>
   <subfield code="x">Postharvest technology</subfield>
   <subfield code="8">2089</subfield>
  </datafield>
  <datafield tag="650" ind1=" " ind2="0">
   <subfield code="a">Fruit</subfield>
   <subfield code="x">Postharvest technology</subfield>
   <subfield code="8">2090</subfield>
  </datafield>
  <datafield tag="653" ind1=" " ind2=" ">
   <subfield code="a">Ωρίμανση καρπών</subfield>
  </datafield>
  <datafield tag="653" ind1=" " ind2=" ">
   <subfield code="a">Μετασυλλεκτική τεχνολογία</subfield>
  </datafield>
  <datafield tag="653" ind1=" " ind2=" ">
   <subfield code="a">Αποθήκευση Οπωροκηπευτικών</subfield>
  </datafield>
  <datafield tag="653" ind1=" " ind2=" ">
   <subfield code="a">Μετασυλλεκτική φυσιολογία</subfield>
  </datafield>
  <datafield tag="653" ind1=" " ind2=" ">
   <subfield code="a">Ποιότητα</subfield>
  </datafield>
  <datafield tag="653" ind1=" " ind2=" ">
   <subfield code="a">Μετασυγκομιστικοί χειρισμοί</subfield>
  </datafield>
  <datafield tag="653" ind1=" " ind2=" ">
   <subfield code="a">Γεωπονικές επιστήμες</subfield>
   <subfield code="a">Επιστήμη των φυτών και φυτικά προϊόντα</subfield>
   <subfield code="a">Φυτά</subfield>
   <subfield code="a">Οπωροφόρα/Καρποφόρα δέντρα</subfield>
  </datafield>
  <datafield tag="653" ind1=" " ind2=" ">
   <subfield code="a">Γεωπονικές επιστήμες</subfield>
   <subfield code="a">Επιστήμη των φυτών και φυτικά προϊόντα</subfield>
   <subfield code="a">Κηπουρική</subfield>
   <subfield code="a">Καλλιέργεια λαχανικών</subfield>
  </datafield>
  <datafield tag="653" ind1=" " ind2=" ">
   <subfield code="a">Γεωπονικές επιστήμες</subfield>
   <subfield code="a">Επιστήμη των φυτών και φυτικά προϊόντα</subfield>
   <subfield code="a">Φυτική παραγωγή</subfield>
  </datafield>
  <datafield tag="700" ind1="1" ind2=" ">
   <subfield code="a">Χριστόπουλος, Μιλτιάδης</subfield>
   <subfield code="e">Συγγραφέας</subfield>
   <subfield code="8">492</subfield>
  </datafield>
  <datafield tag="700" ind1="1" ind2=" ">
   <subfield code="a">Τσαντίλη, Ελένη</subfield>
   <subfield code="e">Συγγραφέας</subfield>
   <subfield code="8">493</subfield>
  </datafield>
  <datafield tag="700" ind1="1" ind2=" ">
   <subfield code="a">Καυκαλέτου, Μίνα</subfield>
   <subfield code="e">Συγγραφέας</subfield>
   <subfield code="8">494</subfield>
  </datafield>
  <datafield tag="700" ind1="1" ind2=" ">
   <subfield code="a">Καραπάνος, Ιωάννης</subfield>
   <subfield code="e">Συγγραφέας</subfield>
   <subfield code="8">495</subfield>
  </datafield>
  <datafield tag="700" ind1="1" ind2=" ">
   <subfield code="a">Αλεξόπουλος, Αλέξιος</subfield>
   <subfield code="e">Συγγραφέας</subfield>
   <subfield code="8">496</subfield>
  </datafield>
  <datafield tag="700" ind1="1" ind2=" ">
   <subfield code="a">Πετρόπουλος, Σπυρίδων</subfield>
   <subfield code="e">Κριτικός αναγνώστης</subfield>
   <subfield code="8">497</subfield>
  </datafield>
  <datafield tag="856" ind1="4" ind2="0">
   <subfield code="u">http://hdl.handle.net/11419/3336</subfield>
   <subfield code="z">Πλήρες Κείμενο - Full text</subfield>
  </datafield>
  <datafield tag="907" ind1=" " ind2=" ">
   <subfield code="a">.b25681102</subfield>
   <subfield code="b">12-06-18</subfield>
   <subfield code="c">29-07-16</subfield>
  </datafield>
  <datafield tag="949" ind1=" " ind2=" ">
   <subfield code="0">0</subfield>
   <subfield code="1">0</subfield>
   <subfield code="2">ddc</subfield>
   <subfield code="4">0</subfield>
   <subfield code="6">635_046000000000000_ΠΑΣ</subfield>
   <subfield code="7">0</subfield>
   <subfield code="8">KALL</subfield>
   <subfield code="8">869</subfield>
   <subfield code="d">2016-04-13</subfield>
   <subfield code="r">2016-04-13</subfield>
   <subfield code="w">2016-04-13</subfield>
   <subfield code="z">635.046 ΠΑΣ</subfield>
   <subfield code="o">SEAB KALLIPOS</subfield>
  </datafield>
  <datafield tag="998" ind1=" " ind2=" ">
   <subfield code="a">80</subfield>
   <subfield code="a">01</subfield>
   <subfield code="a">02</subfield>
   <subfield code="a">03</subfield>
   <subfield code="a">04</subfield>
   <subfield code="a">05</subfield>
   <subfield code="a">06</subfield>
   <subfield code="a">07</subfield>
   <subfield code="a">08</subfield>
   <subfield code="a">09</subfield>
   <subfield code="a">10</subfield>
   <subfield code="a">11</subfield>
   <subfield code="a">12</subfield>
   <subfield code="a">13</subfield>
   <subfield code="a">14</subfield>
   <subfield code="a">15</subfield>
   <subfield code="a">16</subfield>
   <subfield code="a">17</subfield>
   <subfield code="a">18</subfield>
   <subfield code="a">19</subfield>
   <subfield code="a">20</subfield>
   <subfield code="a">21</subfield>
   <subfield code="a">22</subfield>
   <subfield code="a">23</subfield>
   <subfield code="a">24</subfield>
   <subfield code="a">25</subfield>
   <subfield code="a">26</subfield>
   <subfield code="b">25-05-17</subfield>
   <subfield code="c">m</subfield>
   <subfield code="d">z  </subfield>
   <subfield code="e">-</subfield>
   <subfield code="f">gre</subfield>
   <subfield code="g">gr </subfield>
   <subfield code="h">0</subfield>
  </datafield>
  <datafield tag="942" ind1=" " ind2=" ">
   <subfield code="2">ddc</subfield>
   <subfield code="c">KALLIPOS</subfield>
  </datafield>
 </record>
</collection>
